Heraldica española (Record no. 7255)

MARC details
000 -LEADER
campo de control de longitud fija 00777nam a2200229 i 4500
001 - NÚMERO DE CONTROL
campo de control 7255
003 - IDENTIFICADOR DE NÚMERO DE CONTROL
campo de control ES-MaACL
005 - FECHA Y HORA DE LA ÚLTIMA TRANSACCIÓN
campo de control 20230906145209.0
007 - CAMPO FIJO DE DESCRIPCIÓN FÍSICA--INFORMACIÓN GENERAL
campo de control de longitud fija t|
008 - DATOS DE LONGITUD FIJA--INFORMACIÓN GENERAL
campo de control de longitud fija 901114s1990 sp ||||1| spa d
020 ## - NÚMERO INTERNACIONAL ESTÁNDAR DEL LIBRO
Número Internacional Estándar del Libro 84-86629-36-5
080 ## - NÚMERO DE LA CLASIFICACIÓN DECIMAL UNIVERSAL
Número de la Clasificación Decimal Universal 929.6(46)
100 1# - ENTRADA PRINCIPAL--NOMBRE DE PERSONA
Nombre de persona Messía de la Cerda y Pita, Luis.
9 (RLIN) 80683
245 10 - MENCIÓN DEL TÍTULO
Título Heraldica española
Resto del título : el diseño heraldico /
Mención de responsabilidad, etc. Luis F. Messia de la Cerda y Pita ; ilustraciones en color, Calusa y Tete Messia de la Cerda y Gabeiras.
260 ## - PUBLICACIÓN, DISTRIBUCIÓN, ETC.
Lugar de publicación, distribución, etc. Madrid :
Nombre del editor, distribuidor, etc. Aldaba,
Fecha de publicación, distribución, etc. 1990.
300 ## - DESCRIPCIÓN FÍSICA
Extensión 229 p. ;
Dimensiones 25 cm.
500 ## - NOTA GENERAL
Nota general Indice onomastico y de linajes.
500 ## - NOTA GENERAL
Nota general Ded. autogr. del autor.
504 ## - NOTA DE BIBLIOGRAFÍA, ETC.
Nota de bibliografía, etc. Bibliogr.: p. 223-225.
650 14 - PUNTO DE ACCESO ADICIONAL DE MATERIA--TÉRMINO DE MATERIA
Término de materia o nombre geográfico como elemento de entrada Heráldica-
Subdivisión geográfica España.
9 (RLIN) 13317
852 ## - LOCALIZACIÓN
Ubicación ES-MaACL
Número de control de estantería L-14488
Sublocalización o colección R.118622
Nota libre . - cart.
Holdings
Estatus retirado Estado de pérdida Estado de daño No para préstamo Biblioteca de origen Biblioteca actual Ubicación en estantería Fecha de adquisición Fuente de adquisición Total de préstamos Signatura topográfica completa Código de barras Visto por última vez Precio de reemplazo Tipo de ítem Koha
        Biblioteca del Ateneo de Madrid Biblioteca del Ateneo de Madrid Depósito 2 17/01/2008     L-14488 1007401 23/02/2023 23/02/2023 Libro impreso